000 01064cam a22002054a 4500
005 20250605164056.0
008 250528s ||||||||||||||||||||||||d
035 _a17488
020 _a1854312405
040 _aGR-AtMCL
_bgre
_dGR-AtMCL
_eAACR2
245 1 _aBlackstone's EEC Legislation / Third Edition
250 _a3rd
260 _bBlackstone Press Limited,
_c1992
300 _a404
520 _aThis book has been designed specifically to provide students with a collection of statutes for use throughout their course, and now cover all the main law subjects. Primary Legislation, The EEC Treaty, Secondary Legislation, Free Movement of Goods, Free Movement of Persons, Undertakings, Social Policy: Equal Pay and Treatment, Social Policy: Working Conditions, Social Policy: Protection of Workers, Competition, Industrial/ Intellectual Property, Public Undertakings, Product Liability, UK Legislation, The Treaty on European Union, Texts of Protocols, Index.
700 1 _aFoster Nigel G
_93627
942 _cBK
999 _c2896
_d2896